Словарь международного права

Λεπτομέρειες βιβλιογραφικής εγγραφής
Συγγραφή απο Οργανισμό/Αρχή: Дипломатическая академия МИД России
Άλλοι συγγραφείς: Бацанов С. Б. (составитель), Ефимов Г. К., Кузнецов В. И.
Γλώσσα:Ρωσικά
Έκδοση: Москва, Международные отношения, 1986
Έκδοση:2-е изд.
Θέματα:
Μορφή: Βιβλίο
KOHA link:https://koha.lib.tpu.ru/cgi-bin/koha/opac-detail.pl?biblionumber=80088

MARC

LEADER 00000nam0a2200000 4500
001 80088
005 20231101213106.0
035 |a (RuTPU)RU\TPU\book\86086 
090 |a 80088 
100 |a 20050831d1986 m y0rusy50 ca 
101 0 |a rus 
102 |a RU 
105 |a y e 000zy 
200 1 |a Словарь международного права  |f Дипломатическая академия МИД СССР; сост. С. Б. Бацанов; Г. К. Ефимов; В. И. Кузнецов 
205 |a 2-е изд. 
210 |a Москва  |c Международные отношения  |d 1986 
215 |a 432 с. 
610 1 |a право 
610 1 |a международные отношения 
610 1 |a международное право 
610 1 |a словари 
686 |a Х9  |v LBC/SL-A  |2 rubbk 
702 1 |a Бацанов  |b С. Б.  |4 220 
702 1 |a Ефимов  |b Г. К.  |4 220 
702 1 |a Кузнецов  |b В. И.  |4 220 
712 0 2 |a Дипломатическая академия МИД России  |c (Москва)  |2 stltpush  |3 (RuTPU)RU\TPU\col\4186  |9 23942 
801 1 |a RU  |b 63413507  |c 20050831  |g PSBO 
801 2 |a RU  |b 63413507  |c 20101124  |g PSBO 
942 |c BK